Polskie Atrakcje Turystyczne po Opisie z Wikipedii #1 - Statystyki

Ogólne statystyki
  • Ten quiz został rozwiązany 443 razy
  • Średni wynik to 5 z 10
Statystyki odpowiedzi
Opis Atrakcja turystyczna % Poprawnych
„Tutaj żyje największa populacja wolnego żubra na świecie.” Puszcza Białowieska
90%
„Jedyny obóz koncentracyjny znajdujący się na liście światowego dziedzictwa UNESCO.” Auschwitz -Birkenau
88%
„Jedno z ważniejszych miejsc kultu maryjnego oraz najważniejsze centrum pielgrzymkowe katolików w Polsce ze znajdującym się cudownym obrazem Matki Bożej Częstochowskiej.” Jasna Góra
84%
„Najwyższy budynek w Polsce (pod względem wysokości całkowitej).” Pałac Kultury i Nauki
77%
„Muzeum wykorzystuje nowoczesne techniki audiowizualne. Ma stanowić hołd wobec tych, którzy walczyli i ginęli za wolną Polskę i jej stolicę, pokazując następnym pokoleniom Polaków sens tamtych wydarzeń.” Muzeum Powstania Warszawskiego
59%
„30 czerwca 1996 roku zaprzestano całkowicie eksploatacji złoża. W plebiscycie Rzeczpospolitej została uznana za jeden z siedmiu cudów Polski, zdobywając największą liczbę głosów.” Kopalnia Soli „Wieliczka”
55%
„Pomnik przy wejściu do portu morskiego, na terenie byłej polskiej Wojskowej Składnicy Tranzytowej.” Pomnik Obrońców Wybrzeża
40%
„Wpisana do rejestru zabytków w 1962 oraz ponownie w 1977, wraz z zespołem architektonicznym obejmującym m.in. Pawilon Czterech Kopuł, Pergolę i Iglicę.” Hala Stulecia
19%
„Największy z pięciu istniejących w Krakowie kopców. Największy kopiec w Polsce.” Kopiec Piłsudskiego
17%
„Jest to największy park w stylu angielskim na terenie Polski.” Park Mużakowski
12%
Nie znaleziono quizów pasujących do podanych kryteriów
Rozkład punktacji
Procent ludzi z każdym wynikiem
Percentyl według liczby udzielonych odpowiedzi
Twoja historia wyników
Nie rozwiązałeś tego quizu